000
00299nam a22001217a 4500
999
_c
13966
_d
13966
020
_a
9786277626198
082
_a
954
100
_a
Ishrat Hussain
245
_a
Development Pathways: India, Pakistani, Bangladesh 1947 - 2022
260
_a
Karachi
_b
Liberty
_c
2023
300
_a
469 pages
942
_c
BK